01697nam a2200241Ia 4500001000600000003000900006008004100015040001300056040001300069041001300082100002100095100002900116245003800145245003800183250001100221260001100232260001200243260004900255300004300304500104900347650002801396650003101424E2631IT-RoPAU130308s9999 xx 000 0 und d aIT-RoPAU cIT-RoPAU aITALIANO aFracassi Claudio gCodice Aut. SPICS: 6487 aNotizie hanno le gambe corte (Le) bNotizie Hanno le Gambe Corte (Le) a1a ed. aMILANO bRizzoli c1996 [1° Ed.:1996 - Ed.Ling.Originale:1996] a"220 p. (prefazione: no ; testo: 220)" aGuida Alla Lettura dell'Informazione, Affinche' Ciascuno Possa imparare a Distinguere le notizie Dalle Gambe Corte (E Scartarle), e a ricostruire Nelmodo meno Deformato Possibile la Realtà di Quei Fatti che Davvero Vale Lapena di Conoscere. Libro Quindi Sul Giornalismo Ma per I Lettori, sull'informazione Ma per Chi la Riceve. Cosa Descritta e quella Reale. Supermercatodella Comunicazione. Impotenza di Chi Legge. Analfabeti. Diritto All'Informazione. Dalla Realtà Alla Notizia. Inondazione di Parole. nella fabbrica dell'Informazione. Possibilità di riconoscere la Notizia. Conformismo. guardando Il Tg. Stampa e Potere. Smontare L'Informazione. circo degli Inviati. Consulenti in Pubbliche Relazioni. manipolazione per Inondazione. Produzione di Fatti. Tg Truffa. notizia Pubblicitaria. Come Leggere un Titolo. Grande Pettegolezzo. sport e Chiacchiere. Intervistato Immaginario. Simulazione. Traffico su Internet. mercato delle Informazioni. Bacheca e Giornalista.Fra Reale e Virtuale. Alfabetizzazione All'Informazione. Bibliografia. aTEORICHE GIORNALISTICHE eCodice materia Spics: 7055